000 00475nam a2200193Ia 4500
005 20240823043558.0
008 240823s9999||||xx |||||||||||||| ||und||
020 _a81-203-0855-7
041 _aENGLISH
082 _A004.22 N0
100 _aMorris Mano M
245 0 _aComputer System Architecture
250 _a2nd
260 _c1990
_b"PHI,New D"
500 _aTRANSFERED
650 _aComputer Architecture
_bComputer Applications
942 _cBK
999 _c210555
_d210555